|
|
|
|
| LEADER |
00000nam2a2200000 4500 |
| 001 |
234380 |
| 005 |
20231101231321.0 |
| 010 |
|
|
|a 9785217034697
|
| 010 |
|
|
|a 978-5-94275-535-5
|
| 035 |
|
|
|a (RuTPU)RU\TPU\book\255503
|
| 090 |
|
|
|a 234380
|
| 100 |
|
|
|a 20130324d2010 km y0rusy50 ca
|
| 101 |
0 |
|
|a rus
|
| 102 |
|
|
|a RU
|
| 105 |
|
|
|a a f 001zy
|
| 200 |
0 |
|
|a Разд. II : Материалы в машиностроении ; Т. II-1 : Физико-механические свойства. Испытания металлических материалов
|f ред.-сост. Е. И. Мамаева ; отв. ред. Е. Т. Долбенко
|
| 210 |
|
|
|d 2010
|
| 215 |
|
|
|a 851 с.
|c ил.
|
| 320 |
|
|
|a Библиография в конце глав.
|
| 330 |
|
|
|a Приведены методы и средства определения химического состава и исследования структуры металлических материалов, методы и средства испытаний для определения основных физико-механических свойств при различных видах нагружения, характеристик малоцикловой усталости, многоцикловой усталости, термической прочности, коррозионно-механической прочности и тре-щиностойкости. Рассмотрено строение изломов при разных видах нагружения и в условиях длительного воздействия статических нагрузок. Для специалистов и инженерно-технических работников промышленности.
|
| 461 |
|
1 |
|0 (RuTPU)RU\TPU\book\54318
|y 5-217-01949-2
|t Машиностроение
|o энциклопедия в 40 т.
|f гл. ред. К. В. Фролов
|v Разд. II : Материалы в машиностроении ; Т. II-1 : Физико-механические свойства. Испытания металлических материалов
|d 1994-
|
| 606 |
1 |
|
|a Машиностроение
|2 stltpush
|3 (RuTPU)RU\TPU\subj\71949
|9 85607
|
| 610 |
1 |
|
|a машиностроительные материалы
|
| 610 |
1 |
|
|a металлические материалы
|
| 610 |
1 |
|
|a химический состав
|
| 610 |
1 |
|
|a структура
|
| 610 |
1 |
|
|a исследование
|
| 610 |
1 |
|
|a методы
|
| 610 |
1 |
|
|a средства
|
| 610 |
1 |
|
|a физические свойства
|
| 610 |
1 |
|
|a механические свойства
|
| 610 |
1 |
|
|a статическое нагружение
|
| 610 |
1 |
|
|a твердость
|
| 610 |
1 |
|
|a малоцикловая усталость
|
| 610 |
1 |
|
|a малоцикловое нагружение
|
| 610 |
1 |
|
|a деформации
|
| 610 |
1 |
|
|a измерение
|
| 610 |
1 |
|
|a разрушение
|
| 610 |
1 |
|
|a сопротивление
|
| 610 |
1 |
|
|a многоцикловая усталость
|
| 610 |
1 |
|
|a усталостное разрушение
|
| 610 |
1 |
|
|a износоусталостные испытания
|
| 610 |
1 |
|
|a термическая прочность
|
| 610 |
1 |
|
|a ползучесть
|
| 610 |
1 |
|
|a релаксация
|
| 610 |
1 |
|
|a напряжение
|
| 610 |
1 |
|
|a длительная прочность
|
| 610 |
1 |
|
|a трещиностойкость
|
| 610 |
1 |
|
|a коррозионно-механическая стойкость
|
| 610 |
1 |
|
|a коррозионная усталость
|
| 610 |
1 |
|
|a коррозионное растрескивание
|
| 610 |
1 |
|
|a коррозионные среды
|
| 610 |
1 |
|
|a водородная хрупкость
|
| 610 |
1 |
|
|a изломы
|
| 610 |
1 |
|
|a энциклопедии
|
| 675 |
|
|
|a 621.002(031)
|v 3
|
| 702 |
|
1 |
|a Мамаева
|b Е. И.
|4 340
|
| 702 |
|
1 |
|a Долбенко
|b Е. Т.
|4 340
|
| 801 |
|
1 |
|a RU
|b 63413507
|c 20130324
|
| 801 |
|
2 |
|a RU
|b 63413507
|c 20130531
|g RCR
|
| 942 |
|
|
|c BK
|
| 959 |
|
|
|a 21/20130206
|d 1
|e 2000,00
|f ЧЗЭР:1
|